000 00615nam a22002297a 4500
003 UA-OsUOA
001 19847
007 ta
008 20040928b un ||||| |||| 00| 0 ukr d
100 _aШморгун Є.
090 _bП-435
942 _cSA
040 _aUA-OsUOA
_bukr
_cUA-OsUOA
_dUA-OsUOA
245 _aЖив у Рівному книжник
_b[Спогади про краєзнавця, письменника, бібліофіла Л.Кравцова]
300 _aС.97-99
955 _a0
041 _aukr
591 _a92
044 _aUA
773 0 _w0
650 7 _aКравцов Л.
_2UDC
999 _c306020
_d306020